<?xml version="1.0" encoding="UTF-8"?>
<record
    xmlns:xsi="http://www.w3.org/2001/XMLSchema-instance"
    xsi:schemaLocation="http://www.loc.gov/MARC21/slim http://www.loc.gov/standards/marcxml/schema/MARC21slim.xsd"
    xmlns="http://www.loc.gov/MARC21/slim">

  <leader>00822    a2200145   4500</leader>
  <datafield tag="020" ind1=" " ind2=" ">
    <subfield code="a">3907622413</subfield>
  </datafield>
  <datafield tag="082" ind1=" " ind2=" ">
    <subfield code="a">720.9494</subfield>
    <subfield code="b">AL433a</subfield>
  </datafield>
  <datafield tag="100" ind1=" " ind2=" ">
    <subfield code="a">Allenspach, Christoph</subfield>
    <subfield code="9">249</subfield>
  </datafield>
  <datafield tag="245" ind1=" " ind2=" ">
    <subfield code="a">La Arquitectura Suiza</subfield>
    <subfield code="b">La construccin&#x324; en los siglos XIX y XX</subfield>
  </datafield>
  <datafield tag="260" ind1=" " ind2=" ">
    <subfield code="a">Suiza</subfield>
    <subfield code="b">Pro Helvetia Fundacin&#x324; Suiza para la Cultura</subfield>
  </datafield>
  <datafield tag="300" ind1=" " ind2=" ">
    <subfield code="a">179 p.</subfield>
    <subfield code="c">21 cm</subfield>
  </datafield>
  <datafield tag="505" ind1=" " ind2=" ">
    <subfield code="t">1. Moderna y realista. Cultura Arquitectonica suiza a inicios del siglo XXI</subfield>
    <subfield code="t">2. Revolucion industrial y tecnica. El siglo XIX</subfield>
    <subfield code="t">3. Hacia la nueva arquitectura</subfield>
    <subfield code="t">4. La modernidad en tanto practica tendencialmente mayoritaria</subfield>
    <subfield code="t">5. Racionalismo tesines. Forma y lugar</subfield>
    <subfield code="t">6. Nietos y nietas del movimiento moderno</subfield>
  </datafield>
  <datafield tag="650" ind1=" " ind2=" ">
    <subfield code="x">Arquitectura Suiza siglo XIX y XX</subfield>
    <subfield code="x">Arquitectura-Aspectos Sociales y culturales</subfield>
    <subfield code="x">Christoph Allenspach</subfield>
    <subfield code="z">Suiza</subfield>
    <subfield code="9">252</subfield>
  </datafield>
  <datafield tag="700" ind1=" " ind2=" ">
    <subfield code="a">Christoph Allenspach</subfield>
    <subfield code="9">251</subfield>
  </datafield>
  <datafield tag="999" ind1=" " ind2=" ">
    <subfield code="c">42</subfield>
    <subfield code="d">42</subfield>
  </datafield>
  <datafield tag="952" ind1=" " ind2=" ">
    <subfield code="0">0</subfield>
    <subfield code="1">0</subfield>
    <subfield code="2">ddc</subfield>
    <subfield code="4">0</subfield>
    <subfield code="7">0</subfield>
    <subfield code="a">LV</subfield>
    <subfield code="b">LV</subfield>
    <subfield code="c">Pensamiento</subfield>
    <subfield code="d">2014-04-07</subfield>
    <subfield code="l">0</subfield>
    <subfield code="o">720.9494 AL433a</subfield>
    <subfield code="p">00000</subfield>
    <subfield code="r">2014-04-07 00:00:00</subfield>
    <subfield code="w">2014-04-07</subfield>
    <subfield code="y">01</subfield>
  </datafield>
</record>
